[Event "Biel Blitz op 58th"]
[Site "Biel"]
[Date "2025.07.20"]
[Round "3"]
[White "Schmid, Pablo"]
[Black "Tereshchenko, Eva"]
[Result "1-0"]
[WhiteElo "2006"]
[BlackElo "1824"]
[PlyCount "83"]
[EventDate "2025.07.20"]
[EventType "swiss (blitz)"]
[EventRounds "13"]
[EventCountry "SUI"]
[SourceTitle "CB30_2025"]
[SourceDate "2025.07.23"]
[SourceVersion "1"]
[SourceVersionDate "2025.07.23"]
[SourceQuality "1"]

1. d4 d5 2. Nf3 Nf6 3. Bf4 c5 4. e3 Nc6 5. c3 Qb6 6. Qc2 Bg4 7. Nbd2 e6 8. h3 Bf5 9. Qb3 c4 10. Qxb6 axb6 11. a3 b5 12. Rc1 Be7 13. Nh4 Ne4 14. Nxf5 exf5 15. f3 Nxd2 16. Kxd2 Na5 17. Re1 0-0 18. g4 fxg4 19. hxg4 Rfe8 20. Bg2 h6 21. Be5 Bg5 22. f4 Be7 23. Bxd5 Nb3+ 24. Kc2 Red8 25. e4 Kf8 26. g5 f6 27. gxf6 gxf6 28. Reg1 Ke8 29. Bc7 Rdc8 30. Bxb7 Kd7 31. Bxc8+ Rxc8 32. Bb6 Rc6 33. Bc5 Nxc5 34. dxc5 Bxc5 35. Rd1+ Ke7 36. Rxh6 Be3 37. Rh7+ Ke6 38. f5+ Ke5 39. Re7+ Kf4 40. Rf1+ Kg5 41. Rg7+ Kh6 42. Rg6+ 1-0

[Event "Biel Rapid op 58th"]
[Site "Biel"]
[Date "2025.07.13"]
[Round "9"]
[White "El Mais, Ibaa"]
[Black "Tereshchenko, Eva"]
[Result "1-0"]
[WhiteElo "2140"]
[BlackElo "1809"]
[PlyCount "77"]
[EventDate "2025.07.13"]
[EventType "swiss (rapid)"]
[EventRounds "9"]
[EventCountry "SUI"]
[SourceTitle "CB29_2025"]
[SourceDate "2025.07.16"]
[SourceVersion "1"]
[SourceVersionDate "2025.07.16"]
[SourceQuality "1"]

1. d4 d5 2. Bf4 Nf6 3. e3 c5 4. c3 Nc6 5. Nd2 Bg4 6. Qb3 Qc8 7. Ngf3 e6 8. Ne5 Be7 9. Nxg4 Nxg4 10. Be2 Nf6 11. 0-0 0-0 12. Rac1 b6 13. Bf3 Qd7 14. Rfd1 cxd4 15. exd4 Rac8 16. Be2 Bd6 17. Bg5 Qe7 18. Re1 h6 19. Bh4 Rc7 20. Nf3 Bf4 21. Rcd1 Nb8 22. Bd3 Nbd7 23. Ne5 g5 24. Bg3 Nh5 25. Bb1 Bxg3 26. hxg3 Nxe5 27. dxe5 Qc5 28. Qc2 f5 29. exf6 Rxf6 30. Rd3 Rcf7 31. Re2 Ng7 32. b4 Qc7 33. Rxd5 Nf5 34. Rde5 Qc4 35. a4 Nxg3 36. fxg3 Rf1+ 37. Kh2 Qg4 38. Qg6+ Rg7 39. Qe8+ 1-0

[Event "Asia-ch U14 Girls"]
[Site "Almaty"]
[Date "2024.06.17"]
[Round "7"]
[White "Smirnova, Polina A"]
[Black "Tereshchenko, Eva"]
[Result "1-0"]
[WhiteElo "1938"]
[BlackElo "1735"]
[PlyCount "85"]
[EventDate "2024.06.12"]
[EventType "swiss"]
[EventRounds "9"]
[EventCountry "KAZ"]
[SourceTitle "EXT 2025"]
[Source "ChessBase"]
[SourceDate "2024.10.14"]
[SourceVersion "1"]
[SourceVersionDate "2024.10.14"]
[SourceQuality "1"]
[WhiteTeam "FID"]
[BlackTeam "FID"]

1. d4 d5 2. c4 c6 3. Nc3 Nf6 4. e3 Bf5 5. cxd5 cxd5 6. Qb3 Nc6 7. Qxb7 Bd7 8. Qb3 Rb8 9. Qd1 e5 10. dxe5 Nxe5 11. Be2 Bd6 12. Nf3 0-0 13. 0-0 Qe7 14. a4 Rfc8 15. Nd4 Bc5 16. a5 Qd6 17. h3 a6 18. Na4 Ba7 19. b3 Ne4 20. f4 Ng6 21. Bf3 Nh4 22. Nb6 Bxb6 23. axb6 Rxb6 24. Bxe4 dxe4 25. Qh5 Qe7 26. Ba3 Qd8 27. f5 Rh6 28. Qg4 Qf6 29. Ra2 Re8 30. Bb2 Qe7 31. Qg3 f6 32. Rf4 Qd6 33. Qf2 Nxf5 34. Nxf5 Bxf5 35. Rxf5 Qd1+ 36. Kh2 Qxb3 37. Rxa6 Rc8 38. Qd2 Qb8+ 39. Rf4 Rd8 40. Qc3 Rc8 41. Qd4 g5 42. Qd5+ Kf8 43. Be5 1-0

[Event "Asia-ch U14 Girls"]
[Site "Almaty"]
[Date "2024.06.16"]
[Round "6"]
[White "Tereshchenko, Eva"]
[Black "Le, Thai Hoang Anh"]
[Result "1/2-1/2"]
[WhiteElo "1735"]
[BlackElo "1679"]
[PlyCount "80"]
[EventDate "2024.06.12"]
[EventType "swiss"]
[EventRounds "9"]
[EventCountry "KAZ"]
[SourceTitle "EXT 2025"]
[Source "ChessBase"]
[SourceDate "2024.10.14"]
[SourceVersion "1"]
[SourceVersionDate "2024.10.14"]
[SourceQuality "1"]
[WhiteTeam "FID"]
[BlackTeam "VIE"]

1. e4 e5 2. Nf3 Nc6 3. Bb5 a6 4. Ba4 Nf6 5. 0-0 b5 6. Bb3 Be7 7. d4 d6 8. dxe5 Nxe5 9. Nxe5 dxe5 10. Qxd8+ Bxd8 11. a4 Bb7 12. axb5 axb5 13. Rxa8 Bxa8 14. Na3 c6 15. Re1 Bb6 16. Be3 Bxe3 17. Rxe3 0-0 18. f3 Rd8 19. Kf2 Kf8 20. Ke2 Bb7 21. Rd3 Rxd3 22. Kxd3 Ba6 23. c4 b4 24. Nc2 c5 25. Ba4 Ne8 26. Bc6 Nc7 27. Bd5 Ke7 28. Na1 f6 29. Nb3 Kd6 30. Na5 g5 31. Nb3 h5 32. Nd2 Ne8 33. Nf1 Ng7 34. Ne3 Bc8 35. g4 h4 36. b3 Bd7 37. Bf7 Ne6 38. Bxe6 Kxe6 39. Nd5 Bc8 40. Nc7+ Kd7 1/2-1/2